000 00954nam a2200301 a 4500
001 000114853
003 CHAP
005 20251127090246.0
008 180622s2016 mx a |r| |||1|||spa d
010 _a111314
011 _a112286
020 _a9786078445646
040 _cCHAP
082 0 4 _a338.173730972
_bD27
100 1 0 _aDíaz Cárdenas, Salvador
_933418
245 1 0 _aCalidad en la cadena productiva del café en México /
_cpor Salvador Díaz Cárdenas; coordinación editorial Susana Córdova Santamaría.
260 _aMéxico :
_bCÓDICE,
_c2016.
300 _a62 p. :
_bil., cuadros, gráficas.
590 _aE11695DGD
_b10
_c20180625
_lUCH01
_h0939
590 _aE6337LMJ
_b05
_c20180622
_lUCH01
_h1129
590 _aE6337LMJ
_b05
_c20180622
_lUCH01
_h1311
650 1 4 _aCafé
_xCalidad.
_917114
650 1 4 _aCafé
_xConsumo.
_917118
650 1 4 _aCafé
_xProducción
_zMéxico.
_9134980
901 _aBK
942 _cLIBRO
942 _n0
999 _c111314
_d111314